Statistics for PAOK Thessaloniki 1-0 Barcelona Line-Ups (UEFA Cup 1975/76)

Click here to take the quiz!

General Stats

  • This quiz has been taken 11 times
  • The average score is 3 of 24

Answer Stats

ClubPositionNationality#Answer% Correct
BarcelonaMidfielderNetherlands9Johan Cruyff
89%
PAOKMidfielderGreece10Giorgos Koudas
44%
PAOKDefenderGreece4Kostas Iosifidis
22%
PAOKMidfielderGreece8Stavros Sarafis
22%
PAOKForwardGreece11Dimitris Paridis
11%
PAOKDefenderGreece3Filotas Pellios
11%
PAOKManagerHungary-Gyula Lóránt
11%
BarcelonaMidfielderNetherlands8Johan Neeskens
11%
PAOKGoalkeeperBosnia1Mladen Fortula
11%
PAOKForwardBrazil2Neto Guerino
11%
PAOKForwardGreece7Panagiotis Kermanidis
11%
PAOKForwardGreece9Achilleas Aslanidis
0%
PAOKMidfielderGreece6Angelos Anastasiadis
0%
BarcelonaDefenderSpain2Antonio de la Cruz
0%
BarcelonaForwardSpain7Carles Rexach
0%
BarcelonaManagerGermany-Hennes Weisweiler
0%
BarcelonaForwardPeru10Hugo Sotil
0%
BarcelonaMidfielderSpain11Juan Manuel Asensi
0%
PAOKForwardGreece5Koulis Apostolidis
0%
BarcelonaMidfielderSpain4Marcial Pina
0%
BarcelonaDefenderBrazil3Marinho Peres
0%
BarcelonaDefenderSpain6Migueli
0%
BarcelonaDefenderSpain5Miquel Corominas
0%
BarcelonaGoalkeeperSpain1Pedro Mora
0%

Score Distribution

Percentile by Number Answered

Percent of People with Each Score

Your Score History

You have not taken this quiz